Sports Quiz

Random Sports or Golf Quiz

Most PGA Tour Wins Quiz Stats

 Plays Quiz Updated Jan 5, 2021

     
Support Sporcle.
Go Orange.
Score 0/27 Timer 05:00
0 Plays Today
# Wins Player % Correct
82Tiger Woods
99.7%
73Jack Nicklaus
88.4%
62Arnold Palmer
86.6%
44Phil Mickelson
83.7%
24Dustin Johnson
70.2%
82Sam Snead
65.3%
24Gary Player
63.7%
64Ben Hogan
62.9%
34Vijay Singh
58.9%
39Tom Watson
57%
29Lee Trevino
45.8%
52Byron Nelson
37.4%
45Walter Hagen
35.5%
39Gene Sarazen
26.7%
# Wins Player % Correct
25Johnny Miller
22.6%
30Horton Smith
19.6%
24Macdonald Smith
19.5%
51Billy Casper
16.8%
25Tommy Armour
9.6%
40Cary Middlecoff
9.2%
31Jimmy Demaret
8.9%
29Gene Littler
5.9%
36Lloyd Mangrum
3.7%
26Henry Picard
3.3%
31Harry Cooper
3.1%
29Paul Runyan
2.7%
30Leo Diegel
2.4%

From the Vault

Ends with...'ngo'

by googlebird

Oingo Boingo, this quiz is cool!
Remove Ads.
Support Sporcle.
Get the best of Sporcle when you Go Orange. This ad-free experience offers more features, more stats, and more fun while also helping to support Sporcle. Thank you for becoming a member.

Show Comments

Extras

Top Quizzes Today


Score Distribution

Your Account Isn't Verified!

In order to create a playlist on Sporcle, you need to verify the email address you used during registration. Go to your Sporcle Settings to finish the process.

Report this User

Report this user for behavior that violates our Community Guidelines.

Details: